[Event "Senior-DM 65+ 2025"]
[Site "Copenhagen"]
[Date "2025.02.12"]
[Round "5.4"]
[White "Nielsen, John Holm"]
[Black "Munk, Kai S"]
[Result "1-0"]
[WhiteElo "1978"]
[BlackElo "1940"]
[WhiteFideId "1406256"]
[BlackFideId "1406949"]
[EventDate "2025.02.08"]
[EventType "swiss"]
[EventRounds "7"]
[EventCountry "DEN"]
[SourceTitle "Live v. Obro Skakforening"]

1. Nc3 e5 2. Nf3 Nc6 3. d4 exd4 4. Nxd4 Bc5 5. Nf5 Bf8 6. e4 d6 7. Nd4 Bd7 8. Bc4 g6 9. O-O Bg7 10. Be3 Nge7 11. Nd5 Be6 12. Nxe6 fxe6 13. Nf4 d5 14. Nxe6 dxc4 15. Nxd8 Rxd8 16. Qe2 Nb8 1-0

[Event "Senior-DM 65+ 2025"]
[Site "Copenhagen"]
[Date "2025.02.12"]
[Round "5.6"]
[White "Hartung Nielsen, Jens"]
[Black "Nielsen, Christian Volmer"]
[Result "1-0"]
[WhiteElo "2169"]
[BlackElo "1966"]
[WhiteFideId "1400690"]
[BlackFideId "1419102"]
[EventDate "2025.02.08"]
[EventType "swiss"]
[EventRounds "7"]
[EventCountry "DEN"]
[SourceTitle "Live v. Obro Skakforening"]

1. d4 d5 2. c4 c6 3. Nf3 Nf6 4. e3 Bg4 5. Qb3 Qb6 6. Ne5 e6 7. Nxg4 Nxg4 8. Be2 Nf6 9. Nc3 Nbd7 10. O-O Rc8 11. Rd1 Be7 12. Bf3 O-O 13. e4 dxe4 14. Nxe4 Nxe4 15. Bxe4 Nf6 16. Bf3 Rfd8 17. Qxb6 axb6 18. Be3 Rd7 19. g3 h6 20. Rac1 Ra8 21. a3 Bd8 22. Rc2 Bc7 23. h4 Kf8 24. g4 Ra5 25. Bd2 Ra8 26. Bb4+ Bd6 27. Bc3 Bf4 28. Kg2 Rad8 29. Re1 Ne8 30. a4 Nc7 31. b3 Na6 32. Be4 Bd6 33. Rh1 Bb4 34. Bb2 Be7 35. Re2 Bf6 36. Ba3+ Be7 37. Bb2 Bf6 38. Ba3+ Be7 39. Bxe7+ Rxe7 40. Rd1 Red7 41. Red2 Nc7 42. f4 f6 43. Kf3 e5 44. fxe5 fxe5 45. d5 Ne6 46. Bf5 cxd5 47. Bxe6 1-0

[Event "Senior-DM 65+ 2025"]
[Site "Copenhagen"]
[Date "2025.02.12"]
[Round "5.7"]
[White "Henriksen, Bjarne Meldgaard"]
[Black "Petersen, Peter Birk"]
[Result "1/2-1/2"]
[WhiteElo "1821"]
[BlackElo "2117"]
[WhiteFideId "1414399"]
[BlackFideId "1401696"]
[EventDate "2025.02.08"]
[EventType "swiss"]
[EventRounds "7"]
[EventCountry "DEN"]
[SourceTitle "Live v. Obro Skakforening"]

1. e4 c5 2. Nf3 e6 3. d4 cxd4 4. Nxd4 Nc6 5. Be3 Nf6 6. Nc3 Bb4 7. f3 d5 8. Bd3 O-O 9. a3 Be7 10. exd5 Nxd5 11. Nxd5 Qxd5 12. Be4 Qe5 13. Qd3 Bf6 14. c3 h6 15. Bxc6 bxc6 16. Nxc6 Qc7 17. Nd4 Rd8 18. Qe2 e5 19. Nb3 Be7 20. O-O Be6 21. Qc2 Rab8 22. Nd2 a6 23. c4 a5 24. Rac1 Bc5 25. Bxc5 Qxc5+ 26. Rf2 Bf5 27. Ne4 Bxe4 28. fxe4 Rd4 29. Kf1 Qc6 30. Re2 a4 31. c5 Rb3 32. Kf2 Rb8 33. Ke1 Rbd8 34. Kf1 Rc8 35. Kf2 g6 36. Kf1 Kg7 37. Kf2 Rf8 38. Ke1 Rfd8 39. Kf2 h5 40. Ke1 h4 41. Kf2 Rd3 42. h3 R8d4 43. Rce1 Rd8 44. Rh1 1/2-1/2

[Event "Senior-DM 65+ 2025"]
[Site "Copenhagen"]
[Date "2025.02.12"]
[Round "5.8"]
[White "Moe, Mogens"]
[Black "Olesen, Poul Erik Norgaard"]
[Result "1-0"]
[WhiteElo "2125"]
[BlackElo "1961"]
[WhiteFideId "1400550"]
[BlackFideId "1404253"]
[EventDate "2025.02.08"]
[EventType "swiss"]
[EventRounds "7"]
[EventCountry "DEN"]
[SourceTitle "Live v. Obro Skakforening"]

1. e4 e5 2. Nf3 Nc6 3. Bc4 Bc5 4. c3 Nf6 5. d4 exd4 6. e5 d5 7. Bb5 Ne4 8. cxd4 Bb6 9. Nc3 Bg4 10. Be3 O-O 11. Qa4 Nxc3 12. bxc3 Ne7 13. Bd3 Qd7 14. Qc2 Bf5 15. O-O Rac8 16. a4 a5 17. Bg5 h6 18. Bxe7 Bxd3 19. Qxd3 Qxe7 20. Qb5 Qd8 21. Rab1 Re8 22. Rfe1 Re6 23. Rbd1 c5 24. c4 Rec6 25. dxc5 Rxc5 26. Rxd5 Qxd5 27. cxd5 Rxb5 28. axb5 Rc5 29. e6 fxe6 30. dxe6 Kf8 31. e7+ Ke8 32. Nd4 Rg5 33. h4 Rg4 34. Nf5 Bc5 35. Re5 b6 36. Rd5 Re4 37. Rd8+ Kf7 38. Rf8+ Kg6 39. e8=Q+ Rxe8 40. Rxe8 Kxf5 41. Kf1 a4 42. Ke2 a3 43. Ra8 Ke4 44. Ra4+ Kd5 45. h5 Bd6 46. Kd3 Bc5 47. f3 Bd6 48. Kc2 Kc5 49. Rxa3 Kxb5 50. Ra7 Be5 51. Kb3 Kc5 52. Rf7 Kd5 53. g4 Bf6 54. Rd7+ Ke5 55. Kc4 Kf4 56. Rd3 b5+ 57. Kxb5 Bh4 58. Kc5 Bf2+ 59. Kd5 Be3 60. Ke6 Bc1 61. Rb3 1-0

[Event "Senior-DM 65+ 2025"]
[Site "Copenhagen"]
[Date "2025.02.12"]
[Round "5.9"]
[White "Peschardt, Soren"]
[Black "Nielsen, Jorgen Lovgren"]
[Result "0-1"]
[WhiteElo "1890"]
[BlackElo "2030"]
[WhiteFideId "1402927"]
[BlackFideId "1403850"]
[EventDate "2025.02.08"]
[EventType "swiss"]
[EventRounds "7"]
[EventCountry "DEN"]
[SourceTitle "Live v. Obro Skakforening"]

1. d4 f5 2. Bf4 Nf6 3. e3 g6 4. Nf3 Bg7 5. Be2 O-O 6. h3 d6 7. c3 c6 8. Nbd2 Kh8 9. Qc2 Be6 10. g4 Qd7 11. Ng5 Bd5 12. Rg1 a5 13. gxf5 gxf5 14. O-O-O Na6 15. Ngf3 Ne4 16. Rg2 b5 17. Rdg1 Rg8 18. Nxe4 fxe4 19. Ng5 e5 20. dxe5 dxe5 21. Bh2 Nc5 22. Kb1 h6 23. Bg4 Qe7 24. Bf5 hxg5 25. Qe2 Qf7 26. Rxg5 Bxa2+ 27. Kc1 Nd3+ 28. Kd2 Rgd8 29. Rxg7 Qxf5 30. Kc2 Rg8 31. R1g5 Qxg5 0-1

[Event "Senior-DM 65+ 2025"]
[Site "Copenhagen"]
[Date "2025.02.12"]
[Round "5.10"]
[White "Olsen, Claus B"]
[Black "Teimer, Torben"]
[Result "1-0"]
[WhiteElo "2023"]
[BlackElo "1961"]
[WhiteFideId "1403575"]
[BlackFideId "1405179"]
[EventDate "2025.02.08"]
[EventType "swiss"]
[EventRounds "7"]
[EventCountry "DEN"]
[SourceTitle "Live v. Obro Skakforening"]

1. d4 Nf6 2. Nf3 g6 3. Bf4 Bg7 4. e3 c5 5. c3 cxd4 6. exd4 O-O 7. Nbd2 Nc6 8. Be2 d6 9. O-O Re8 10. Nc4 Nh5 11. Bg5 h6 12. d5 Na5 13. Be3 Nxc4 14. Bxc4 Qc7 15. Be2 Nf6 16. Qa4 Bg4 17. h3 Bxf3 18. Bxf3 Rec8 19. Rad1 a6 20. Rfe1 b5 21. Qh4 Qc4 22. Bd4 Qc7 23. Rd3 Kh7 24. Rde3 Re8 25. Qf4 Rab8 26. g4 Qd7 27. h4 h5 28. g5 1-0

[Event "Senior-DM 65+ 2025"]
[Site "Copenhagen"]
[Date "2025.02.12"]
[Round "5.11"]
[White "Larsen, Preben R"]
[Black "Gronhoj, Benny"]
[Result "1-0"]
[WhiteElo "1881"]
[BlackElo "2023"]
[WhiteFideId "1425790"]
[BlackFideId "1404245"]
[EventDate "2025.02.08"]
[EventType "swiss"]
[EventRounds "7"]
[EventCountry "DEN"]
[SourceTitle "Live v. Obro Skakforening"]

1. e4 d5 2. exd5 Qxd5 3. Nc3 Qa5 4. d4 c6 5. Nf3 Nf6 6. Bd2 Qc7 7. Be2 Bf5 8. Qc1 e6 9. Nd1 Nbd7 10. Bf4 Bd6 11. Bxd6 Qxd6 12. Ne3 Be4 13. c3 O-O 14. Ng5 Bg6 15. O-O h6 16. Nh3 Nd5 17. Nxd5 cxd5 18. Nf4 Bh7 19. Qd2 Nf6 20. Nd3 Ne4 21. Qe3 b5 22. f3 Nf6 23. a3 Rfc8 24. Ne5 Qb6 25. Rac1 Rc7 26. Rfe1 a5 27. Ra1 Rac8 28. Rec1 b4 29. axb4 axb4 30. cxb4 Rxc1+ 31. Rxc1 Rxc1+ 32. Qxc1 Qxd4+ 33. Kf1 Bf5 34. Nc6 Qh4 35. Ne7+ Kh7 36. Nxf5 exf5 37. Qc2 g6 38. Qc7 Kg7 39. b5 f4 40. b6 Qxh2 41. Qc3 Qh1+ 42. Kf2 Qh4+ 43. Kg1 d4 44. Qxd4 Qe1+ 45. Bf1 Qe3+ 46. Qxe3 fxe3 47. Bb5 1-0

[Event "Senior-DM 65+ 2025"]
[Site "Copenhagen"]
[Date "2025.02.12"]
[Round "5.12"]
[White "Lontoft, Sven"]
[Black "Skovgaard, Tom"]
[Result "1/2-1/2"]
[WhiteElo "1809"]
[BlackElo "1951"]
[WhiteFideId "1441523"]
[BlackFideId "1406337"]
[EventDate "2025.02.08"]
[EventType "swiss"]
[EventRounds "7"]
[EventCountry "DEN"]
[SourceTitle "Live v. Obro Skakforening"]

1. c4 e5 2. g3 Nf6 3. Bg2 c6 4. Nc3 a5 5. Nf3 d6 6. d4 exd4 7. Nxd4 Be7 8. O-O O-O 9. e4 Na6 10. Re1 Nc5 11. Bf4 Ne6 12. Be3 Nc5 13. Nb3 Be6 14. Nxc5 dxc5 15. b3 Ng4 16. Bf4 Rc8 17. h3 Nf6 18. e5 Nd7 19. Ne4 Rb8 20. Nd6 Qc7 21. Qc2 Nxe5 22. Nxf7 Bxf7 23. Bxe5 Bd6 24. Bxd6 Qxd6 25. Rad1 Qc7 26. Re3 Rfe8 27. Rde1 Rxe3 28. Rxe3 Rd8 29. Qe2 g6 30. Re7 Rd7 31. Re5 Qd6 32. Qe3 a4 33. Bf3 axb3 34. axb3 Qd4 35. Kg2 Qxe3 1/2-1/2

[Event "Senior-DM 65+ 2025"]
[Site "Copenhagen"]
[Date "2025.02.12"]
[Round "5.13"]
[White "Nielsen, Angelo"]
[Black "Lauritsen, Niels"]
[Result "0-1"]
[WhiteElo "1721"]
[BlackElo "1957"]
[WhiteFideId "1442589"]
[BlackFideId "1404474"]
[EventDate "2025.02.08"]
[EventType "swiss"]
[EventRounds "7"]
[EventCountry "DEN"]
[SourceTitle "Live v. Obro Skakforening"]

1. d4 g6 2. Nf3 Bg7 3. g3 Nf6 4. Bg2 O-O 5. O-O d5 6. c3 Ne4 7. Ng5 Nxg5 8. Bxg5 h6 9. Bc1 c6 10. e4 dxe4 11. Bxe4 Nd7 12. Be3 Nf6 13. Bf3 Nd5 14. Bd2 Kh7 15. Na3 Be6 16. Nc2 Qb6 17. Qc1 Rad8 18. Ne3 Rfe8 19. Re1 c5 20. Nxd5 Bxd5 21. dxc5 Qxc5 22. Be3 Qc7 23. Bxd5 Rxd5 24. Qc2 b6 25. Rad1 Red8 26. Rxd5 Rxd5 27. Rd1 Rxd1+ 28. Qxd1 e6 29. Qd3 h5 30. h4 Kg8 31. Qd2 Be5 32. Kh2 Qc4 33. Kg2 Qxa2 34. f4 Bf6 35. Kf3 Qd5+ 36. Qxd5 exd5 37. Ke2 Kf8 38. Kd3 Ke7 39. b4 Kd6 40. b5 Ke6 41. Bd4 Be7 42. Ke2 Kd6 43. Kd3 f6 44. Be3 Ke6 45. Bd4 Kf5 46. Ke3 Kg4 47. Kf2 Bc5 48. Kg2 Bxd4 49. cxd4 Kf5 50. Kf3 Ke6 51. Ke3 f5 52. Kd3 Kd7 53. Kc3 Kc7 54. Kb3 Kb7 55. Ka4 a6 56. Kb3 axb5 57. Ka3 Ka7 58. Kb3 b4 59. Ka4 b5+ 0-1

[Event "Senior-DM 65+ 2025"]
[Site "Copenhagen"]
[Date "2025.02.12"]
[Round "5.14"]
[White "Andersen, Bjarne Hjorth"]
[Black "Gade, Jens"]
[Result "1-0"]
[WhiteElo "1894"]
[BlackElo "1641"]
[WhiteFideId "1404946"]
[BlackFideId "1416111"]
[EventDate "2025.02.08"]
[EventType "swiss"]
[EventRounds "7"]
[EventCountry "DEN"]
[SourceTitle "Live v. Obro Skakforening"]

1. e4 e5 2. Nf3 Nc6 3. d4 exd4 4. Nxd4 Nxd4 5. Qxd4 d6 6. c4 Bd7 7. Nc3 c6 8. Bf4 Be6 9. Rd1 Qb6 10. Qxb6 axb6 11. Bxd6 Bxd6 12. Rxd6 Nf6 13. Be2 O-O 14. O-O Nd7 15. Rfd1 Ne5 16. b3 Ng6 17. g3 Ne7 18. R6d2 g6 19. Na4 Nc8 20. Rd8 Kg7 21. R1d2 Rxd8 22. Rxd8 Kf6 23. Rd2 Ra5 24. Nc3 Ke7 25. f4 f6 26. Kg2 Nd6 27. g4 Nc8 28. Kg3 h6 29. h4 Bf7 30. Bf3 g5 31. Ne2 b5 32. cxb5 Rxb5 33. Nd4 Rc5 34. Nf5+ Rxf5 35. exf5 Nb6 36. fxg5 fxg5 37. hxg5 hxg5 38. Rh2 Nd7 39. b4 Bxa2 40. Rxa2 1-0

[Event "Senior-DM 65+ 2025"]
[Site "Copenhagen"]
[Date "2025.02.12"]
[Round "5.15"]
[White "Fjordside, Arne Dan"]
[Black "Bauner, Jan"]
[Result "0-1"]
[WhiteElo "1830"]
[BlackElo "1880"]
[WhiteFideId "1418580"]
[BlackFideId "1415832"]
[EventDate "2025.02.08"]
[EventType "swiss"]
[EventRounds "7"]
[EventCountry "DEN"]
[SourceTitle "Live v. Obro Skakforening"]

1. d4 Nf6 2. Bf4 d5 3. e3 e6 4. Nf3 c5 5. Nbd2 Nc6 6. c3 cxd4 7. exd4 Bd6 8. Ne5 Qc7 9. Ndf3 O-O 10. Bd3 Ne7 11. Bg5 Ne4 12. Bxe7 Qxe7 13. Be2 f6 14. Nd3 e5 15. O-O Bd7 16. dxe5 fxe5 17. Ndxe5 Bc6 18. Nxc6 bxc6 19. Re1 Bc5 20. Rf1 Rae8 21. Qd3 Nxf2 22. Rxf2 0-1

[Event "Senior-DM 65+ 2025"]
[Site "Copenhagen"]
[Date "2025.02.12"]
[Round "5.16"]
[White "Larsen, Arne Walther"]
[Black "Moller, Arne Vagn"]
[Result "1/2-1/2"]
[WhiteElo "1797"]
[BlackElo "1861"]
[WhiteFideId "1411357"]
[BlackFideId "1406175"]
[EventDate "2025.02.08"]
[EventType "swiss"]
[EventRounds "7"]
[EventCountry "DEN"]
[SourceTitle "Live v. Obro Skakforening"]

1. g3 Nf6 2. Bg2 g6 3. d3 d5 4. Nd2 Bg7 5. Ngf3 O-O 6. O-O c6 7. c3 Nbd7 8. e4 Nc5 9. Qc2 dxe4 10. dxe4 Qd3 11. Ne1 Qxc2 12. Nxc2 Nd3 13. f3 Rd8 14. Nb3 Nxc1 15. Raxc1 b6 16. Rfd1 Bb7 17. Ne3 Bh6 18. Kf2 e5 19. Bf1 a5 20. a4 Kf8 21. Be2 Ke7 22. Rxd8 Rxd8 23. Rd1 Bxe3+ 24. Kxe3 Rxd1 25. Bxd1 Kd6 1/2-1/2

[Event "Senior-DM 65+ 2025"]
[Site "Copenhagen"]
[Date "2025.02.13"]
[Round "6.1"]
[White "Andreasen, Per Naesby"]
[Black "Nielsen, John Holm"]
[Result "1-0"]
[WhiteElo "2233"]
[BlackElo "1978"]
[WhiteFideId "1400886"]
[BlackFideId "1406256"]
[EventDate "2025.02.08"]
[EventType "swiss"]
[EventRounds "7"]
[EventCountry "DEN"]
[SourceTitle "Live v. Obro Skakforening"]

1. Nf3 Nf6 2. g3 d5 3. Bg2 e6 4. O-O Be7 5. d4 O-O 6. c4 c5 7. cxd5 exd5 8. Nc3 Nc6 9. Bg5 c4 10. Ne5 Be6 11. e3 h6 12. Bxf6 Bxf6 13. Nxc4 dxc4 14. d5 Na5 15. dxe6 fxe6 16. Qg4 Qe7 17. Qh5 Qc7 18. Bh3 Rfe8 19. Rad1 Nc6 20. Qc5 Qe7 21. Qxc4 Rac8 22. Qe4 Ne5 23. Rd4 Nf7 24. Ra4 a6 25. Bg2 Nd6 26. Qb4 Rc4 27. Qb3 Rec8 28. Nd5 Qe8 29. Rxc4 Nxc4 30. Nxf6+ gxf6 31. Qxb7 Rb8 32. Qxa6 Nxb2 33. Rb1 1-0

[Event "Senior-DM 65+ 2025"]
[Site "Copenhagen"]
[Date "2025.02.13"]
[Round "6.2"]
[White "Andersen, Morten"]
[Black "Thuesen, Mogens Henrik"]
[Result "0-1"]
[WhiteElo "2194"]
[BlackElo "2216"]
[WhiteFideId "1504908"]
[BlackFideId "1400878"]
[EventDate "2025.02.08"]
[EventType "swiss"]
[EventRounds "7"]
[EventCountry "DEN"]
[SourceTitle "Live v. Obro Skakforening"]

1. Nf3 c5 2. c4 Nf6 3. e3 g6 4. d4 Bg7 5. d5 O-O 6. Nc3 d6 7. Be2 e6 8. O-O exd5 9. cxd5 Re8 10. Bd2 Na6 11. Qb3 Nc7 12. Rfd1 b5 13. Nxb5 Rb8 14. Ba5 Re7 15. Qa3 Nfe8 16. Rd2 Qd7 17. Nxc7 Nxc7 18. Bc3 Nb5 19. Bxb5 Qxb5 20. Bxg7 Kxg7 21. Qc3+ f6 22. h4 Bg4 23. Nh2 Bd7 24. Nf1 Qb4 25. Qxb4 Rxb4 26. h5 gxh5 27. Ng3 h4 28. Nh5+ Kf7 29. Rc1 Bf5 30. Nf4 a5 31. Rc3 Reb7 32. Ra3 a4 33. f3 Rb8 34. e4 Bd7 35. Nd3 Rd4 36. Rc2 f5 37. e5 Bb5 38. Nf2 Rxd5 39. exd6 Ke6 40. b3 Kxd6 41. bxa4 Ra8 42. a5 c4 43. Kh2 Ba6 44. Kh3 Rd4 45. Rc1 Re8 46. Rb1 Kc5 47. Rb6 Bb5 48. Rc3 Re2 49. a4 Bc6 50. Nh1 Rd1 51. Kh2 Rdd2 52. Kh3 Rxg2 53. Kxh4 Rg6 54. Kh3 f4 0-1

[Event "Senior-DM 65+ 2025"]
[Site "Copenhagen"]
[Date "2025.02.13"]
[Round "6.3"]
[White "Nielsen, Jorgen Lovgren"]
[Black "Simonsen, Carsten"]
[Result "0-1"]
[WhiteElo "2030"]
[BlackElo "2190"]
[WhiteFideId "1403850"]
[BlackFideId "1439898"]
[EventDate "2025.02.08"]
[EventType "swiss"]
[EventRounds "7"]
[EventCountry "DEN"]
[SourceTitle "Live v. Obro Skakforening"]

1. e4 e5 2. Nf3 Nc6 3. Bb5 a6 4. Ba4 Nf6 5. O-O d6 6. Re1 Bd7 7. c3 g6 8. d4 Bg7 9. Bg5 h6 10. Bh4 O-O 11. Nbd2 Qe8 12. d5 Ne7 13. Bc2 g5 14. Bg3 Bg4 15. h3 Bh5 16. Nf1 Bg6 17. c4 Qd7 18. b4 Nh5 19. Rc1 a5 20. a3 axb4 21. axb4 Ra3 22. Ra1 Rfa8 23. Rxa3 Rxa3 24. N3d2 Nf4 25. Qc1 Ra8 26. Qb2 b6 27. Nb3 h5 28. Ra1 Rxa1 29. Qxa1 Ne2+ 30. Kh1 h4 31. Qe1 Nd4 32. Nxd4 exd4 33. Bh2 g4 34. hxg4 Qxg4 35. f3 Qg5 36. c5 bxc5 37. bxc5 Nxd5 38. cxd6 cxd6 39. Bxd6 Nf4 40. Bxf4 Qxf4 41. Qd2 Qd6 42. Kg1 Be5 43. Bd3 Qf6 44. Qc2 Qg5 45. Kf2 Bf4 46. Qc8+ Kg7 47. Qg4 Qxg4 48. fxg4 Kf6 49. g3 hxg3+ 50. Nxg3 Bxg3+ 51. Kxg3 Kg5 52. Kf3 f6 53. Bc4 Be8 54. Be6 Ba4 55. Ke2 Bc2 56. Kf3 Bd1+ 57. Kg3 d3 58. Kf2 Kf4 59. Ke1 Be2 60. Kd2 Kxe4 61. Bf5+ Kf4 62. Bxd3 Bxd3 63. Kxd3 Kxg4 64. Ke2 Kg3 65. Kf1 f5 66. Kg1 f4 67. Kf1 Kf3 0-1

[Event "Senior-DM 65+ 2025"]
[Site "Copenhagen"]
[Date "2025.02.13"]
[Round "6.4"]
[White "Pedersen, Karsten Nymann"]
[Black "Hartung Nielsen, Jens"]
[Result "1/2-1/2"]
[WhiteElo "2040"]
[BlackElo "2169"]
[WhiteFideId "1410156"]
[BlackFideId "1400690"]
[EventDate "2025.02.08"]
[EventType "swiss"]
[EventRounds "7"]
[EventCountry "DEN"]
[SourceTitle "Live v. Obro Skakforening"]

1. d4 d5 2. c4 e6 3. Nf3 c5 4. cxd5 exd5 5. Nc3 Nc6 6. e3 Nf6 7. Be2 Bd6 8. Nb5 Be7 9. dxc5 Bxc5 10. O-O O-O 11. b3 a6 12. Nbd4 Nxd4 13. Nxd4 Qe7 14. Bf3 Ne4 15. Bb2 Re8 16. Ne2 Be6 17. Nf4 Rad8 18. Rc1 Bb6 19. Bd4 Ba5 20. Qe2 Bb4 21. Rfd1 Ba3 22. Bb2 Bd6 23. Nxe6 Qxe6 24. g3 Be5 25. Bxe5 Qxe5 26. Qc2 Ng5 27. Bg2 Ne6 28. Bh3 Ng5 29. Bg2 Ne6 30. Bh3 Ng5 1/2-1/2

[Event "Senior-DM 65+ 2025"]
[Site "Copenhagen"]
[Date "2025.02.13"]
[Round "6.5"]
[White "Petersen, Nils"]
[Black "Moe, Mogens"]
[Result "1/2-1/2"]
[WhiteElo "1932"]
[BlackElo "2125"]
[WhiteFideId "1403346"]
[BlackFideId "1400550"]
[EventDate "2025.02.08"]
[EventType "swiss"]
[EventRounds "7"]
[EventCountry "DEN"]
[SourceTitle "Live v. Obro Skakforening"]

1. c4 Nf6 2. g3 g6 3. Bg2 d5 4. cxd5 Nxd5 5. Nc3 Nxc3 6. bxc3 Bg7 7. Nf3 c5 8. O-O Nc6 9. Bb2 O-O 10. d4 Qb6 11. Ba3 cxd4 12. cxd4 Qa5 13. Bb2 Rd8 14. e3 e5 15. Qe2 Bg4 16. dxe5 Bxf3 17. Qxf3 Rd2 18. Bd4 Rxa2 19. Qd5 Rxa1 20. Rxa1 Qc7 21. e6 1/2-1/2

[Event "Senior-DM 65+ 2025"]
[Site "Copenhagen"]
[Date "2025.02.13"]
[Round "6.6"]
[White "Alkaersig, Ole"]
[Black "Olsen, Claus B"]
[Result "1-0"]
[WhiteElo "2185"]
[BlackElo "2023"]
[WhiteFideId "1401416"]
[BlackFideId "1403575"]
[EventDate "2025.02.08"]
[EventType "swiss"]
[EventRounds "7"]
[EventCountry "DEN"]
[SourceTitle "Live v. Obro Skakforening"]

1. e4 d5 2. exd5 Qxd5 3. Nf3 Nf6 4. Be2 Nc6 5. c4 Qd8 6. d4 e6 7. O-O Be7 8. Nc3 O-O 9. h3 b6 10. Be3 Bb7 11. Qc2 Nb4 12. Qb3 Ne4 13. a3 Nxc3 14. Qxc3 Nc6 15. b4 Bf6 16. Rad1 Ne7 17. Ne5 Nf5 18. Bf4 Nh4 19. g3 Ng6 20. Nxg6 hxg6 21. Bf3 Qc8 22. Be5 c6 23. c5 b5 24. h4 a5 25. Be4 axb4 26. axb4 Ra4 27. Bc2 Ra2 28. Qd3 Qd7 29. Bxf6 gxf6 30. h5 f5 31. hxg6 fxg6 32. Bb3 Raa8 33. Rfe1 Rae8 34. Re5 Rf6 35. Rde1 Kg7 36. Kg2 g5 37. Rh1 Rg6 38. g4 Bc8 39. Qe3 f4 40. Qe4 Rh6 41. Rxg5+ 1-0

[Event "Senior-DM 65+ 2025"]
[Site "Copenhagen"]
[Date "2025.02.13"]
[Round "6.7"]
[White "Henriksen, Bjarne Meldgaard"]
[Black "Kjaerbye, Michael Saager"]
[Result "0-1"]
[WhiteElo "1821"]
[BlackElo "2149"]
[WhiteFideId "1414399"]
[BlackFideId "1401165"]
[EventDate "2025.02.08"]
[EventType "swiss"]
[EventRounds "7"]
[EventCountry "DEN"]
[SourceTitle "Live v. Obro Skakforening"]

1. e4 d6 2. Nf3 Nf6 3. Nc3 g6 4. d4 c6 5. h3 b5 6. Bd3 Nbd7 7. Bf4 b4 8. Na4 Bg7 9. Qe2 Qa5 10. b3 O-O 11. e5 Nd5 12. Bg3 dxe5 13. dxe5 N7b6 14. Nxb6 axb6 15. O-O Qc5 16. a4 bxa3 17. c4 Nb4 18. Be4 Be6 19. Bf4 Rfd8 20. Be3 Qa5 21. Bd2 Rac8 22. Bc1 a2 23. Bd2 c5 24. Bxb4 Qxb4 25. Qxa2 b5 26. Rfc1 Rb8 27. Rab1 Bh6 28. Rd1 Rxd1+ 29. Rxd1 bxc4 30. bxc4 Bxc4 31. Qa7 Be2 32. Rb1 Qxb1+ 33. Bxb1 Rxb1+ 34. Kh2 Bxf3 35. gxf3 Bf4+ 36. Kg2 Bxe5 37. Qxc5 Bf6 38. f4 e6 39. f3 Rb2+ 40. Kg3 Kg7 41. Qe3 h5 42. Qc5 h4+ 43. Kg4 Rg2# 0-1

[Event "Senior-DM 65+ 2025"]
[Site "Copenhagen"]
[Date "2025.02.13"]
[Round "6.8"]
[White "Petersen, Peter Birk"]
[Black "Andersen, Bjarne Hjorth"]
[Result "1-0"]
[WhiteElo "2117"]
[BlackElo "1894"]
[WhiteFideId "1401696"]
[BlackFideId "1404946"]
[EventDate "2025.02.08"]
[EventType "swiss"]
[EventRounds "7"]
[EventCountry "DEN"]
[SourceTitle "Live v. Obro Skakforening"]

1. e4 c6 2. d4 d5 3. Nd2 dxe4 4. Nxe4 Nd7 5. Ng5 e6 6. Bd3 Be7 7. N1f3 h6 8. Ne4 Ngf6 9. O-O Nxe4 10. Bxe4 Nf6 11. Bd3 O-O 12. Ne5 c5 13. c3 cxd4 14. cxd4 Qd5 15. Bc4 Qd8 16. Be3 Bd7 17. Qf3 b5 18. Bb3 Rc8 19. Qg3 Ne4 20. Qh3 Ng5 21. Qh5 Nh7 22. Rad1 Nf6 23. Qh3 a5 24. a3 Be8 25. Rd3 Kh7 26. d5 Nxd5 27. Rfd1 Ra8 28. Bc2 f5 29. Rxd5 exd5 30. Bxf5+ Kg8 31. Qg4 Qd6 32. Rxd5 Qf6 33. Bd3 Bf7 34. Qe4 g6 35. Rxb5 Rad8 36. h3 Kg7 37. Ng4 1-0

[Event "Senior-DM 65+ 2025"]
[Site "Copenhagen"]
[Date "2025.02.13"]
[Round "6.9"]
[White "Lauritsen, Niels"]
[Black "Larsen, Preben R"]
[Result "1-0"]
[WhiteElo "1957"]
[BlackElo "1881"]
[WhiteFideId "1404474"]
[BlackFideId "1425790"]
[EventDate "2025.02.08"]
[EventType "swiss"]
[EventRounds "7"]
[EventCountry "DEN"]
[SourceTitle "Live v. Obro Skakforening"]

1. e4 e5 2. Nf3 Nc6 3. Nc3 Bc5 4. Nxe5 Bxf2+ 5. Kxf2 Nxe5 6. d4 Qf6+ 7. Kg1 Ng4 8. Qd2 d6 9. h3 N4h6 10. Nd5 Qd8 11. Qg5 Qxg5 12. Bxg5 Kd7 13. Kh2 c6 14. Nc3 f6 15. Bf4 Nf7 16. Bc4 Ngh6 17. a4 a6 18. Rhe1 Re8 19. a5 Kd8 20. Na4 g5 21. Bg3 f5 22. Nb6 Rb8 23. Nxc8 Rxc8 24. exf5 d5 25. Bd3 Kd7 26. f6 Re6 27. Rf1 Rce8 28. Bxh7 Rf8 29. Rae1 Nd8 30. Be5 Ndf7 31. c3 Rh8 32. Bf5 Nxf5 33. Rxf5 g4 34. Re3 gxh3 35. Rxh3 Rxh3+ 36. Kxh3 c5 37. g4 1-0

[Event "Senior-DM 65+ 2025"]
[Site "Copenhagen"]
[Date "2025.02.13"]
[Round "6.11"]
[White "Nielsen, Christian Volmer"]
[Black "Petersen, Bent"]
[Result "1-0"]
[WhiteElo "1966"]
[BlackElo "1932"]
[WhiteFideId "1419102"]
[BlackFideId "1424211"]
[EventDate "2025.02.08"]
[EventType "swiss"]
[EventRounds "7"]
[EventCountry "DEN"]
[SourceTitle "Live v. Obro Skakforening"]

1. e4 c5 2. c3 d5 3. exd5 Qxd5 4. d4 Nc6 5. Nf3 Nf6 6. Be2 e6 7. O-O Be7 8. Na3 a6 9. Nc4 Qd8 10. a4 O-O 11. a5 Nd5 12. Nfe5 cxd4 13. Nxc6 bxc6 14. Qxd4 c5 15. Qg4 Bf6 16. Rd1 Qc7 17. h4 Bb7 18. h5 Ne7 19. Bf4 Qc6 20. Bf3 Qb5 21. Be2 Qc6 22. Ne5 Bxe5 23. Bxe5 g6 24. Rd6 Qe4 25. Qxe4 Bxe4 26. Rxa6 Nc6 27. Bd6 Rxa6 28. Bxa6 Nb8 29. Bxf8 1-0